Интегрированные компьютерные системы проектирования и управления: учебное пособие

Bibliografiska uppgifter
Huvudupphovsman: Громаков Е. И. Евгений Иванович
Institutionella upphovsmän: Национальный исследовательский Томский политехнический университет (ТПУ), Национальный исследовательский Томский политехнический университет (ТПУ) Институт кибернетики (ИК)
Övriga upphovsmän: Лиепиньш А. В. Андрей Вилнисович
Sammanfattning:Заглавие с титульного экрана
Электронная версия печатной публикации
В пособии изложены методические рекомендации по проектированию компьютерных интегрированных систем управления. Рассмотрены основные понятия, структура, классификация, методология разработки интегрированных компьютерных систем управления производством нефтегазовой отрасли. Предназначено для студентов направления 220700 (магистры), 220301 (инженеры) «Автоматизация технологических процессов и производств (в нефтегазовой отрасли)» дневной и заочной форм обучения
AM_TPU_network
Språk:ryska
Publicerad: Томск, Изд-во ТПУ, 2013
Ämnen:
Länkar:http://www.lib.tpu.ru/fulltext2/m/2014/m155.pdf
Materialtyp: Elektronisk Bok
KOHA link:https://koha.lib.tpu.ru/cgi-bin/koha/opac-detail.pl?biblionumber=263813

MARC

LEADER 00000nam0a2200000 4500
001 263813
005 20260409145622.0
010 |a 978-5-4387-0340-2 
035 |a (RuTPU)RU\TPU\book\286803 
090 |a 263813 
100 |a 20140611d2013 m y0rusy50 ca 
101 0 |a rus 
102 |a RU 
105 |a a j 001zy 
135 |a drcn ---uucaa 
181 0 |a i   |b  e  
182 0 |a b 
183 0 |a cr  |2 RDAcarrier 
200 1 |a Интегрированные компьютерные системы проектирования и управления  |e учебное пособие  |f Е. И. Громаков, А. В. Лиепиньш  |g Национальный исследовательский Томский политехнический университет (ТПУ) 
203 |a Текст  |c электронный  |b визуальный 
210 |a Томск  |c Изд-во ТПУ  |d 2013 
283 |a online_resource  |2 RDAcarrier 
300 |a Заглавие с титульного экрана 
300 |a Электронная версия печатной публикации 
330 |a В пособии изложены методические рекомендации по проектированию компьютерных интегрированных систем управления. Рассмотрены основные понятия, структура, классификация, методология разработки интегрированных компьютерных систем управления производством нефтегазовой отрасли. Предназначено для студентов направления 220700 (магистры), 220301 (инженеры) «Автоматизация технологических процессов и производств (в нефтегазовой отрасли)» дневной и заочной форм обучения 
371 0 |a AM_TPU_network 
452 1 |0 (RuTPU)RU\TPU\book\283535  |y 978-5-4387-0340-2  |t Интегрированные компьютерные системы проектирования и управления  |o учебное пособие  |f Е. И. Громаков, А. В. Лиепиньш  |g Национальный исследовательский Томский политехнический университет (ТПУ)  |c Томск  |n Изд-во ТПУ  |d 2013  |p 212 с.  |a Громаков, Евгений Иванович 
606 1 |a Автоматизированные системы проектирования  |x интегрированные  |2 stltpush  |3 (RuTPU)RU\TPU\subj\707 
610 1 |a электронный ресурс 
610 1 |a учебные пособия 
610 1 |a труды учёных ТПУ 
610 1 |a интегрированные компьютерные системы 
610 1 |a проектные решения 
610 1 |a технические задания 
610 1 |a производственные процессы 
610 1 |a учетные операции 
610 1 |a АСУ 
610 1 |a автоматизированные системы управления 
610 1 |a техническое обслуживание 
610 1 |a управление 
610 1 |a ремонт 
610 1 |a противоаварийная защита 
675 |a 658.512.2.011.56:681.3(075.8)  |v 3 
700 1 |a Громаков  |b Е. И.  |c специалист в области автоматизированных систем управления  |c доцент Томского политехнического университета, кандидат технических наук  |f 1943-  |g Евгений Иванович  |3 (RuTPU)RU\TPU\pers\25727  |9 11629 
701 1 |a Лиепиньш  |b А. В.  |c специалист в области автоматики и электроники  |c заведующий кафедрой Томского политехнического университета, кандидат технических наук  |f 1974-  |g Андрей Вилнисович  |3 (RuTPU)RU\TPU\pers\30837  |9 15084 
712 0 2 |a Национальный исследовательский Томский политехнический университет (ТПУ)  |c (2009- )  |3 (RuTPU)RU\TPU\col\15902 
712 0 2 |a Национальный исследовательский Томский политехнический университет (ТПУ)  |b Институт кибернетики (ИК)  |3 (RuTPU)RU\TPU\col\18397 
801 1 |a RU  |b 63413507  |c 20140611 
801 2 |a RU  |b 63413507  |c 20160616  |g RCR 
856 4 0 |u http://www.lib.tpu.ru/fulltext2/m/2014/m155.pdf  |z http://www.lib.tpu.ru/fulltext2/m/2014/m155.pdf 
942 |c CF